| 000 | 00655nam a2200217 i 4500 | ||
|---|---|---|---|
| 001 | 132284 | ||
| 003 | ES-MaACL | ||
| 005 | 20250921063032.0 | ||
| 007 | t| | ||
| 008 | 070214s1974 sp |||| | spa d | ||
| 080 | _a32(73)"1969/74" | ||
| 100 | 1 |
_aRoldán, Juan, _d1942-2015 _999138 |
|
| 245 | 1 | 3 |
_aLa nueva revolución americana / _cJuan Roldán Ros. |
| 260 |
_aMadrid : _bEd. Nacional, _c1974. |
||
| 300 |
_a174 p. ; _c21 cm. |
||
| 490 | 1 | _aRitmo universitario | |
| 651 | 4 |
_aEstados Unidos- _xPolítica y gobierno- _y1969-1974. _9162155 |
|
| 830 | 0 |
_aRitmo universitario _9184521 |
|
| 852 |
_aES-MaACL _jE-7064 |
||
| 999 |
_c132284 _d132284 |
||